Heinrich Kálmánné született Fülep Ilona [gyászjelentés]
Elmentve itt :
| Dokumentumtípus: | Cikk |
|---|---|
| Megjelent: |
1943-12-28
|
| Sorozat: | Délmagyarország
19 No. 293 |
| Kulcsszavak: | Heinrich Kálmánné Fülep Ilona, Gyászjelentés Szeged 1943 |
| Online Access: | http://dmarchiv.bibl.u-szeged.hu/41913 |
| LEADER | 00484nab a2200145 i 4500 | ||
|---|---|---|---|
| 001 | delm41913 | ||
| 005 | 20180927130004.0 | ||
| 008 | 180927s1943 hu o 0|| hun d | ||
| 040 | |a SZTE Délmagyarország Archívum |b hun | ||
| 041 | |a hun | ||
| 245 | 0 | 0 | |a Heinrich Kálmánné született Fülep Ilona |h [elektronikus dokumentum] : |b [gyászjelentés] |
| 260 | |c 1943-12-28 | ||
| 300 | |a 6 | ||
| 490 | 0 | |a Délmagyarország |v 19 No. 293 | |
| 695 | |a Heinrich Kálmánné Fülep Ilona, Gyászjelentés Szeged 1943 | ||